| 000 | 01159nam a2200385 i 4500 | ||
|---|---|---|---|
| 001 | 29969 | ||
| 003 | KOSZ 005 | ||
| 005 | 20200722130707.0 | ||
| 008 | 160613s1993 pl f c |000 0 pol | ||
| 035 | _a991048665849705066 | ||
| 035 | _a(PL-WaBN)b52315368-48omnis_nlop | ||
| 035 | _ab52315368 | ||
| 035 | _a(OCoLC)956561125 | ||
| 035 | _a(PL)b0000005231536 | ||
| 035 | _a(EXLNZ-48OMNIS_NETWORK)9910446297205606 | ||
| 040 |
_aWA N _cWA N _dKOSZ 005/EG |
||
| 080 | _a003.3 | ||
| 080 | _a744 | ||
| 245 | 0 | 0 | _aKatalog krojów pism wraz z poradnikiem. |
| 250 | _aWyd. 2. | ||
| 260 |
_aWarszawa : _bAgencja Wydawnicza M&M, _c1993. |
||
| 300 |
_a188 s. ; _c24 cm. |
||
| 336 |
_aTekst _btxt _2rdacontent |
||
| 337 |
_aBez urządzenia pośredniczącego _bn _2rdamedia |
||
| 338 |
_aWolumin _bnc _2rdacarrier |
||
| 380 | _aKsiążki | ||
| 388 | _a1901-2000 | ||
| 388 | _a1989-2000 | ||
| 650 | 7 |
_aKrój pisma _2DBN |
|
| 650 | 7 |
_aLiternictwo _2DBN |
|
| 655 | 7 |
_aKatalog _2DBN |
|
| 856 |
_uhttp://koha.tu.koszalin.pl/cgi-bin/koha/opac-detail.pl?biblionumber=29969 _yKatalog online BPK |
||
| 942 |
_2UKD _cKS |
||
| 999 |
_c29969 _d29969 |
||